000 00719nam a2200229 4500
001 111588
003 ES-MaACL
005 20240524105731.0
007 t|
008 061121s1986 sp r ||||1| spa d
020 _a84-86209-07-2
100 1 _aNaranjo Martín, Manuel.
_984926
245 1 0 _aFábulas de entretiempo /
_cManuel Naranjo ; [prólogo de Domingo F. Faile].
260 _aAlgeciras (Cádiz) :
_bAlba,
_c1986.
300 _a82 p. ;
_c21 cm.
490 1 _aCuadernos de Al Andalus ;
_v1
500 _aDed. Autgr. del autor.
700 1 _aFaílde, Domingo F.,
_d1948-
_948645
830 0 _aCuadernos de Al Andalus ;
_v1
_9233074
852 _aES-MaACL
_jG-9421
_bR.112720
999 _c111588
_d111588